000 00315pab a2200109 454500
008 180718b xxu||||| |||| 00| 0 eng d
100 _aMukhopadhyay, Lipi
245 _aHimachal: in the pastures of the north
650 _aTribes And Tribal Systems - India - Himachal Pradesh
773 _aSocial Welfare
909 _a24584
999 _c24584
_d24584